| 000 | 00329 a2200133 4500 | ||
|---|---|---|---|
| 001 | 70511 | ||
| 082 | _a297ABD | ||
| 090 |
_c38725 _d38725 |
||
| 100 | _aAbdul Qayum, Prof | ||
| 245 | _aLectures on Islam part- I | ||
| 260 |
_aRislapur _bCAE NUST Risalpur _c1996 |
||
| 300 |
_a148 p. _bphotostate |
||
| 500 | _aBE textbook H & S dept | ||
| 942 |
_aNUST-CAE _k297ABD |
||
| 999 |
_c305584 _d305584 |
||